000 00538nam a22001937a 4500
003 OSt
005 20220107122820.0
008 160721b xxu||||| |||| 00| 0 eng d
020 _a9780262028752
040 _cIIITMK
082 _a303.483 SHA/O
100 _aSharma, Dinesh C.
_910402
245 _aThe outsourcer:
_bThe story of India's IT revolution
_cDinesh C. Sharma
260 _aLondon,
_bThe MIT Press,
_c2015.
300 _axviii, 274p.
650 _aCOMPUTER SCIENCE
_910403
650 _aIT REVOLUTION
_910404
942 _2ddc
_cBK
999 _c5342
_d5342